| 000 | 00376nam a2200169Ia 4500 | ||
|---|---|---|---|
| 008 | 210210b1958 xxu||||| |||| 00| 0 eng d | ||
| 041 | _aeng | ||
| 082 | _a911/38 | ||
| 100 | _aMORAES (Frank) | ||
| 245 | _aYonder one world | ||
| 260 |
_aNew York _bThe Macmillan Co _c1958 |
||
| 650 | _aYonder | ||
| 650 | _aworld | ||
| 650 | _aone | ||
| 690 | _aTravel | ||
| 906 | _a024710 | ||
| 999 |
_c150332 _d150332 |
||